000 00953nam a2200241Ia 4500
001 7293
003 GE_BSU
008 181216s||||||||xx |||||||||||||| ||und||
040 _cGE_BSU
080 _a159.9+62(035.3)
100 _aВудсон,У. Коновер,Н.
245 _aСправочник по инжинерной психологии для инженеров и художников-конструкторов=HUMAN GUIDE FOR EQUIPMENT DESIGNERS.
245 _cПод ред.В.Ф.Венда.
250 _aперевод с английского А.М.Патушина.
260 _aМ.
260 _bМир.
260 _c1988.
300 _a517стр.с илл.27см.
653 _aПсихология
653 _aСправочник по инжинерной психологии для инженеров и художников-конструкторов.
653 _aფსიქოლოგია
942 _cBK
999 _c40665
_d40665